Movies Quiz

Random Movies or Actor Quiz

Top of the Box Office (2014) Quiz Stats

 Plays Quiz Updated Aug 12, 2016

Challenge
Share
Tweet
Embed
Score 0/20 Timer 05:00
1 Play Today
Gross Movie % Correct
$773.3mGuardians of the Galaxy
80.4%
$755.4mThe Hunger Games: Mockingjay - Part 1
75.1%
$1,104.1mTransformers: Age of Extinction
70.2%
$956.0mThe Hobbit: The Battle of the Five Armies
66.6%
$709.0mThe Amazing Spider-Man 2
65.4%
$714.4mCaptain America: The Winter Soldier
62.8%
$675.1mInterstellar
59.5%
$747.9mX-Men: Days of Future Past
58.4%
$463.4mLucy
51.8%
$547.4mAmerican Sniper
50.2%
Gross Movie % Correct
$758.5mMaleficent
42.5%
$469.2mThe Lego Movie
40.3%
$373.0mPenguins of Madagascar
39.4%
$710.6mDawn of the Planet of the Apes
33.1%
$621.5mHow to Train Your Dragon 2
32.7%
$370.5mEdge of Tomorrow
32.4%
$493.3mTeenage Mutant Ninja Turtles
31.6%
$529.1mGodzilla
23.8%
$500.1mRio 2
19%
$657.8mBig Hero 6
16.9%

You're not logged in!

Compare scores with friends on all Sporcle quizzes.
Join for Free
OR
Log In

You Might Also Like...

Show Comments

Extras

Top Quizzes Today


Score Distribution

Your Account Isn't Verified!

In order to create a playlist on Sporcle, you need to verify the email address you used during registration. Go to your Sporcle Settings to finish the process.

Report this User

Report this user for behavior that violates our Community Guidelines.

Details: